000 00663nam a22002537a 4500
003 UA-OsUOA
001 52823
007 ta
008 20080304b un ||||| |||| 00| 0 ukr d
100 _aБечко П. К.
700 _aРолінський О. В.
090 _a336.1:532(075.8)
_bБ56
942 _cBK
040 _aUA-OsUOA
_bukr
_cUA-OsUOA
_dUA-OsUOA
245 _aМісцеві фінанси
_bНавчальний посібник
300 _a192 с.
955 _a2
041 _aukr
080 _a336.1:532(075.8)
020 _a978-966-364-518-6
260 _aК.
_bЦНЛ
_c2007
650 7 _a336 Фінанси
_2UDC
999 _c338918
_d338918